000 01464nam0a22003491 4500
001 rc\2646739
005 20260406140823.0
035 _a(NLR Aleph) 006954421
090 _a5279123
_c5279123
100 _a20110608d1927 |||y0rusy50 ca
101 1 _arus
_ceng
102 _aRU
105 _ay z |||||
135 _acrmn mmmanaba
200 1 _aШерлок Холмс
_eРассказы
_eПерев. с англ.
_fА. Конан-Дойль
210 _aЛенинград
_cБ-ка всемирной литературы
_d1927
_gтип. Печатный двор Госуд. изд-ва
215 _a341, [2] с.
_d19х13 см
300 _aНа обороте тит. л.: ЭA. Conan-Doyle. Shelrock Holmes"
300 _aВ переплете-папке
300 _aПапка: Р.
325 _aКопия доступна в Электрон. б-ке РНБ
700 1 _7ca
_8rus
_aДойл
_bА. К.
_f1859-1930
_gАртур Конан
_9113265
_3RU\NLR\auth\773259
702 1 _4570
_7ca
_8rus
_aЩиглев
_bВ. Р.
_f1840-1903
_gВладимир Романович
_930537
_3RU\NLR\AUTH\7747602
801 0 _aRU
_bNLR
_gpsbo
801 1 _aRU
_bELAR
_2rusmarc
852 _aNLR
_j58/495
942 _cBOOK
980 _aNB
981 3 3 _a(33) Художественная литература
_b(33) Зарубежная литература